| Tag |
First Indicator |
Second Indicator |
Subfields |
| LEADER |
00000cam a2200000 i 4500 |
| 001 |
in00005773897 |
| 005 |
20260327180529.8 |
| 006 |
m o d |
| 007 |
cr cnu---unuuu |
| 008 |
241014t20252025enka ob 001 0 eng d |
| 040 |
|
|
|a OPELS
|b eng
|e rda
|e pn
|c OPELS
|d OCLCO
|d TFW
|d OCLCO
|d OCLCL
|
| 020 |
|
|
|a 9780443141591
|q (ebook)
|
| 020 |
|
|
|a 0443141592
|q (ebook)
|
| 020 |
|
|
|z 9780443141584
|
| 035 |
|
|
|a (OCoLC)1460738096
|
| 050 |
|
4 |
|a RM251
|b .T43 2025eb
|
| 082 |
0 |
4 |
|a 615.3/21
|2 23/eng/20241014
|
| 049 |
|
|
|a TXAM
|
| 245 |
0 |
0 |
|a Tea in health and disease prevention /
|c edited by Victor R. Preedy, Vinood B. Patel.
|
| 250 |
|
|
|a Second edition.
|
| 264 |
|
1 |
|a London, United Kingdom ;
|a San Diego, CA, United States ;
|a Cambridge, MA, United States :
|b Elsevier, Academic Press, an Imprint of Elsevier,
|c [2025]
|
| 264 |
|
4 |
|c ©2025
|
| 300 |
|
|
|a 1 online resource (xxxix, 987 pages) :
|b illustrations, color.
|
| 336 |
|
|
|a text
|b txt
|2 rdacontent
|
| 337 |
|
|
|a computer
|b c
|2 rdamedia
|
| 338 |
|
|
|a online resource
|b cr
|2 rdacarrier
|
| 347 |
|
|
|a text file
|2 rdaft
|
| 504 |
|
|
|a Includes bibliographical references and index.
|
| 520 |
|
|
|a While there is a nearly universal agreement that drinking tea can benefit health, information on the benefits or adverse effects of drinking tea is scattered, leaving definitive answers difficult to ascertain. Tea in Health and Disease Prevention, Second Edition, once again addresses this problem, bringing together all the latest and most relevant information on tea and its health effects into one comprehensive resource. This book covers compounds in black, green, and white teas and explores their health implications, first more generally, then in terms of specific organ systems and diseases. With over 75% brand new content, this fully reorganized, updated edition covers a wider range of tea varieties and beneficial compounds found in tea, such as epigallocatechin gallate and antioxidants. Tea in Health and Disease Prevention, Second Edition, is an organized, efficient resource that will help readers find quick answers to questions and will help inspire further studies for those interested in tea research. This is a must-have reference for researchers in food science and nutrition, as well as nutritionists and dieticians.
|
| 588 |
0 |
|
|a Online resource; title from PDF title page (EBSCOhost platform, viewed November 6, 2024).
|
| 650 |
|
0 |
|a Tea
|x Therapeutic use.
|
| 655 |
|
7 |
|a Electronic books.
|2 local
|
| 700 |
1 |
|
|a Preedy, Victor R.,
|e editor.
|1 https://id.oclc.org/worldcat/entity/E39PBJcC4fw9XGkq4pcrC4VwG3
|
| 700 |
1 |
|
|a Patel, Vinood B.,
|e editor.
|1 https://id.oclc.org/worldcat/entity/E39PCjCM3wRc3H9pr3HWmydxXd
|
| 710 |
2 |
|
|a ScienceDirect (Online service)
|
| 776 |
0 |
8 |
|i Print version:
|t Tea in health and disease prevention.
|b Second edition.
|d London, United Kingdom ; San Diego, CA, United States ; Cambridge, MA, United States : Elsevier, Academic Press, an Imprint of Elsevier, [2025]
|z 9780443141584
|
| 856 |
4 |
0 |
|u http://proxy.library.tamu.edu/login?url=https://www.sciencedirect.com/science/book/9780443141584
|z Connect to the full text of this electronic book
|t 0
|
| 955 |
|
|
|a Elsevier ScienceDirect 2026-2027
|
| 994 |
|
|
|a 92
|b TXA
|
| 999 |
f |
f |
|i 06de1a0d-0633-4869-b148-3c82701bf891
|s 6331a679-dfb9-4419-887f-a89ef0fd4d5f
|t 0
|
| 952 |
f |
f |
|a Texas A&M University
|b College Station
|c Electronic Resources
|s www_evans
|d Available Online
|t 0
|e RM251 .T43 2025eb
|h Library of Congress classification
|
| 998 |
f |
f |
|a RM251 .T43 2025eb
|t 0
|l Available Online
|